茨城県の市町村(1968年) - Statistics

General Stats
  • This quiz has been taken 31 times
  • The average score is 52 of 92
Answer Stats
コード 市町村 備考 % Correct
08201 水戸市
95%
08203 土浦市
86%
08202 日立市
77%
08204 古河市
77%
08211 水海道市 2006年改称
77%
08213 勝田市 1994年消滅
77%
08214 高萩市
77%
08209 那珂湊市 1994年消滅
73%
08205 石岡市
68%
08207 結城市
68%
08215 北茨城市
68%
08216 笠間市
68%
08341 那珂郡東海村
68%
08206 下館市 2005年消滅
64%
08210 下妻市
64%
08212 常陸太田市
64%
08302 東茨城郡茨城町
64%
08309 東茨城郡大洗町
64%
08321 西茨城郡友部町 2006年消滅
64%
08364 久慈郡大子町
64%
08403 鹿島郡大洋村 2005年消滅
64%
08405 鹿島郡鹿島町 1995年昇格
64%
08407 鹿島郡波崎町 2005年消滅
64%
08442 稲敷郡美浦村
64%
08443 稲敷郡阿見町
64%
08545 猿島郡岩井町 1972年昇格
64%
08546 猿島郡境町
64%
08564 北相馬郡利根町
64%
08208 龍ケ崎市
59%
08303 東茨城郡小川町 2006年消滅
59%
08304 東茨城郡美野里町 2006年消滅
59%
08324 西茨城郡岩瀬町 2005年消滅
59%
08344 那珂郡大宮町 2004年昇格
59%
08361 久慈郡金砂郷村 1993年昇格
59%
08402 鹿島郡鉾田町 2005年消滅
59%
08423 行方郡潮来町 2001年昇格
59%
08425 行方郡玉造町 2005年消滅
59%
08483 筑波郡谷和原村 2006年消滅
59%
08485 筑波郡筑波町 1988年消滅
59%
08503 真壁郡真壁町 2005年消滅
59%
08542 猿島郡五霞村 1996年昇格
59%
08544 猿島郡猿島町 2005年消滅
59%
08561 北相馬郡守谷町 2002年昇格
59%
08562 北相馬郡取手町 1970年昇格
59%
08301 東茨城郡常澄村 1992年消滅
55%
08322 西茨城郡岩間町 2006年消滅
55%
08342 那珂郡那珂町 2005年昇格
55%
08401 鹿島郡旭村 2005年消滅
55%
08406 鹿島郡神栖村 1970年昇格
55%
08422 行方郡牛堀町 2001年消滅
55%
08441 稲敷郡江戸崎町 2005年消滅
55%
08444 稲敷郡牛久町 1986年昇格
55%
08541 猿島郡総和町 2005年消滅
55%
08563 北相馬郡藤代町 2005年消滅
55%
08305 東茨城郡内原町 2005年消滅
50%
08307 東茨城郡桂村 2005年消滅
50%
08323 西茨城郡七会村 2005年消滅
50%
08343 那珂郡瓜連町 2005年消滅
50%
08362 久慈郡水府村 2004年消滅
50%
08363 久慈郡里美村 2004年消滅
50%
08381 多賀郡十王町 2004年消滅
50%
08421 行方郡麻生町 2005年消滅
50%
08445 稲敷郡茎崎村 1983年昇格
50%
08447 稲敷郡河内村 1996年昇格
50%
08462 新治郡玉里村 2006年消滅
50%
08481 筑波郡谷田部町 1987年消滅
50%
08482 筑波郡伊奈村 1985年昇格
50%
08501 真壁郡関城町 2005年消滅
50%
08504 真壁郡大和村 2005年消滅
50%
08505 真壁郡協和町 2005年消滅
50%
08521 結城郡八千代村 1972年昇格
50%
08543 猿島郡三和町 2005年消滅
50%
08306 東茨城郡常北町 2005年消滅
45%
08347 那珂郡緒川村 2004年消滅
45%
08404 鹿島郡大野村 1995年消滅
45%
08424 行方郡北浦村 1997年昇格
45%
08446 稲敷郡新利根村 1996年昇格
45%
08448 稲敷郡桜川村 2005年消滅
45%
08461 新治郡出島村 1997年昇格
45%
08463 新治郡八郷町 2005年消滅
45%
08464 新治郡千代田村 1992年昇格
45%
08465 新治郡新治村 2006年消滅
45%
08484 筑波郡豊里町 1987年消滅
45%
08502 真壁郡明野町 2005年消滅
45%
08522 結城郡千代川村 2006年消滅
45%
08308 東茨城郡御前山村 2004年消滅
41%
08345 那珂郡山方町 2004年消滅
41%
08346 那珂郡美和村 2004年消滅
41%
08466 新治郡桜村 1987年消滅
41%
08486 筑波郡大穂町 1987年消滅
41%
08523 結城郡石下町 2006年消滅
41%
08449 稲敷郡東村 1996年昇格
36%
No matching quizzes found
Score Distribution
Percent of People with Each Score
Percentile by Number Answered
Your Score History
You have not taken this quiz